[Event "Santa Cruz de Tenerife op 30th"]
[Site "Santa Cruz de Tenerife"]
[Date "2019.12.17"]
[Round "3"]
[White "Hidalgo Santana, Fernando"]
[Black "Perez Barreto, Adrian"]
[Result "1-0"]
[WhiteElo "2124"]
[BlackElo "2000"]
[PlyCount "61"]
[EventDate "2019.12.13"]
[EventType "swiss"]
[EventRounds "9"]
[EventCountry "ESP"]
[SourceTitle "CBM 194 Extra"]
[Source "ChessBase"]
[SourceDate "2020.03.31"]
[SourceVersion "1"]
[SourceVersionDate "2020.03.31"]
[SourceQuality "1"]

1. g3 Nf6 2. Bg2 g6 3. c4 Bg7 4. Nc3 d6 5. Nf3 e5 6. 0-0 0-0 7. d4 exd4 8. Nxd4 h6 9. h3 Nbd7 10. Rb1 a5 11. Ndb5 Nc5 12. e4 Be6 13. b3 Re8 14. Kh2 Bd7 15. Re1 Bc6 16. f3 Kh7 17. Bb2 Nh5 18. f4 Nf6 19. Qc2 h5 20. Rbd1 Nfxe4 21. Nxe4 Bxe4 22. Bxe4 Bxb2 23. Bxg6+ fxg6 24. Rxe8 Qxe8 25. Nxc7 Qe3 26. Nxa8 Ne4 27. Rd3 Qe1 28. Kg2 Bd4 29. Kf3 Bf2 30. Qd1 Nd2+ 31. Qxd2 1-0

[Event "Canarias-chT"]
[Site "Vecindario"]
[Date "2015.06.13"]
[Round "5.3"]
[White "Fuentes Perez, Noe"]
[Black "Perez Barreto, Adrian"]
[Result "0-1"]
[WhiteElo "1514"]
[BlackElo "2030"]
[PlyCount "26"]
[EventDate "2015.06.11"]
[EventType "team-swiss"]
[EventRounds "6"]
[EventCountry "ESP"]
[SourceTitle "EXT 2024"]
[Source "ChessBase"]
[SourceDate "2023.10.10"]
[SourceVersion "1"]
[SourceVersionDate "2023.10.10"]
[SourceQuality "1"]
[WhiteTeam "La Caja de Canarias"]
[BlackTeam "El Sauzal Libreria Barco"]
[WhiteTeamCountry "ESP"]
[BlackTeamCountry "ESP"]

1. e4 g6 2. d4 Bg7 3. Nc3 d6 4. Be3 Nf6 5. Qd2 c6 6. f3 Qa5 7. Bc4 Nbd7 8. Nge2 b5 9. Bb3 Bb7 10. 0-0 0-0 11. Bh6 c5 12. a3 Qb6 13. Rad1 cxd4 0-1

[Event "Canarias-chT"]
[Site "Vecindario"]
[Date "2015.06.13"]
[Round "4.3"]
[White "Perez Barreto, Adrian"]
[Black "Quiza Vazquez, Carolina"]
[Result "1-0"]
[WhiteElo "2030"]
[BlackElo "1676"]
[PlyCount "83"]
[EventDate "2015.06.11"]
[EventType "team-swiss"]
[EventRounds "6"]
[EventCountry "ESP"]
[SourceTitle "EXT 2024"]
[Source "ChessBase"]
[SourceDate "2023.10.10"]
[SourceVersion "1"]
[SourceVersionDate "2023.10.10"]
[SourceQuality "1"]
[WhiteTeam "El Sauzal Libreria Barco"]
[BlackTeam "Grandama Santa Lucia"]
[WhiteTeamCountry "ESP"]
[BlackTeamCountry "ESP"]

1. d4 e6 2. c4 d5 3. Nc3 Nf6 4. cxd5 exd5 5. Bg5 c6 6. e3 Bd6 7. Bd3 0-0 8. Qc2 h6 9. Bh4 Nbd7 10. Nge2 Re8 11. h3 Qc7 12. g4 a6 13. g5 hxg5 14. Bxg5 Ne4 15. Bxe4 dxe4 16. 0-0-0 Qa5 17. Rhg1 Nb6 18. Bh6 g6 19. Nxe4 Rxe4 20. Qxe4 Bf5 21. Qf3 Nc4 22. e4 Qxa2 23. Rd2 Qa1+ 24. Kc2 Qxb2+ 25. Kd1 Qb1+ 26. Nc1 Nxd2 27. Bxd2 Bxe4 28. Qc3 Re8 29. Re1 Bc2+ 30. Qxc2 Rxe1+ 31. Bxe1 Qb5 32. Qd3 Qh5+ 33. Ne2 Qd5 34. Nc3 Qb3+ 35. Ke2 Qe6+ 36. Kf1 Qb3 37. Qe3 Qc4+ 38. Kg1 Bb4 39. Bd2 a5 40. h4 b5 41. Qe8+ Kg7 42. Bh6+ 1-0

[Event "Santa Cruz de Tenerife op 25th"]
[Site "Santa Cruz de Tenerife"]
[Date "2014.12.22"]
[Round "6"]
[White "Martinez Morina, Manel"]
[Black "Perez Barreto, Adrian"]
[Result "0-1"]
[WhiteElo "1791"]
[BlackElo "2063"]
[PlyCount "75"]
[EventDate "2014.12.15"]
[EventType "swiss"]
[EventRounds "9"]
[EventCountry "ESP"]
[SourceTitle "CBM 164 Extra"]
[Source "ChessBase"]
[SourceDate "2015.03.02"]
[SourceVersion "1"]
[SourceVersionDate "2015.03.02"]
[SourceQuality "1"]

1. e4 d6 2. d4 Nf6 3. Nc3 g6 4. Nf3 Bg7 5. h3 c6 6. Be3 Qa5 7. Bd3 b5 8. a3 Nfd7 9. 0-0 a6 10. Ne2 c5 11. c3 0-0 12. b4 Qc7 13. Qd2 Re8 14. Rfc1 c4 15. Bc2 Bb7 16. Nh2 Nf6 17. Ng3 Nbd7 18. f3 Nf8 19. Ng4 e6 20. Bh6 Bh8 21. Nxf6+ Bxf6 22. Nh1 Nd7 23. Nf2 Bh8 24. Qg5 Qb6 25. Qd2 a5 26. Be3 Qc7 27. Bd1 Ra6 28. Ra2 Rea8 29. Rca1 d5 30. e5 Qb6 31. Qb2 Nxe5 32. f4 Nc6 33. Ng4 Bg7 34. Ne5 Nxe5 35. fxe5 axb4 36. axb4 Rxa2 37. Rxa2 Rxa2 38. Qxa2 0-1

[Event "Tenerife-ch"]
[Site "Santa Cruz de Tenerife"]
[Date "2013.03.12"]
[Round "7"]
[White "Hidalgo Santana, Fernando"]
[Black "Perez Barreto, Adrian"]
[Result "1-0"]
[WhiteElo "2208"]
[BlackElo "1989"]
[PlyCount "73"]
[EventDate "2013.03.04"]
[EventType "swiss"]
[EventRounds "9"]
[EventCountry "ESP"]
[SourceTitle "CBM 153 Extra"]
[Source "ChessBase"]
[SourceDate "2013.04.22"]
[SourceVersion "1"]
[SourceVersionDate "2013.04.22"]
[SourceQuality "1"]

1. e4 e6 2. d4 d5 3. Bd3 c5 4. c3 Nc6 5. exd5 Qxd5 6. Nf3 cxd4 7. cxd4 Bd7 8. Nc3 Qa5 9. 0-0 Nf6 10. a3 Be7 11. Bf4 Nd5 12. Bd2 0-0 13. Ne5 Be8 14. Qe2 Rd8 15. b4 Nxc3 16. Bxc3 Qd5 17. Nf3 Bd6 18. h3 Ne7 19. Rfd1 Ng6 20. Be4 Qh5 21. Qe3 Bf4 22. Bxg6 fxg6 23. Qxe6+ Kh8 24. d5 Bd6 25. Qe3 Bd7 26. Ng5 Rde8 27. Ne6 Rf7 28. Qxa7 Bxe6 29. dxe6 Rc7 30. Rxd6 Rxc3 31. Qd4 Rcc8 32. Rd7 Qh6 33. e7 Qg5 34. Re1 h5 35. h4 Qf6 36. Qxf6 gxf6 37. Rxb7 1-0

[Event "Tenerife-ch"]
[Site "Santa Cruz de Tenerife"]
[Date "2013.03.08"]
[Round "5"]
[White "Almenares Garcia, Mario Adrian"]
[Black "Perez Barreto, Adrian"]
[Result "0-1"]
[WhiteElo "2027"]
[BlackElo "1989"]
[PlyCount "112"]
[EventDate "2013.03.04"]
[EventType "swiss"]
[EventRounds "9"]
[EventCountry "ESP"]
[SourceTitle "CBM 153 Extra"]
[Source "ChessBase"]
[SourceDate "2013.04.22"]
[SourceVersion "1"]
[SourceVersionDate "2013.04.22"]
[SourceQuality "1"]

1. Nf3 Nf6 2. g3 g6 3. Bg2 Bg7 4. d4 0-0 5. 0-0 d6 6. c4 Nc6 7. Nc3 a6 8. h3 Rb8 9. e3 b5 10. cxb5 axb5 11. b3 Na7 12. Bb2 b4 13. Ne2 Bb7 14. Nf4 Ne4 15. Qd3 Qd7 16. Nd2 Nxd2 17. Qxd2 Bxg2 18. Kxg2 e6 19. f3 h5 20. Rfd1 Bh6 21. Rac1 Rb7 22. Rc4 Qb5 23. Nd3 Qa5 24. a3 Qg5 25. Nxb4 Qxe3 26. Qxe3 Bxe3 27. f4 c5 28. Kf3 cxb4 29. a4 Bxf4 30. Kxf4 Nc8 31. Rc6 Rd8 32. Kg5 Ne7 33. Rc4 Nd5 34. Rdc1 Kg7 35. g4 hxg4 36. Kxg4 Ne3+ 37. Kg3 Nxc4 38. Rxc4 d5 39. Rc5 Rdd7 40. Bc1 f6 41. Kg2 Rdc7 42. Bd2 Kf7 43. Kf2 Rxc5 44. dxc5 Ke8 45. c6 Rb6 46. a5 Rb5 47. a6 Ra5 48. Bxb4 Rxa6 49. c7 Kd7 50. Be7 e5 51. Bd8 f5 52. b4 Ra2+ 53. Kg3 Rb2 54. Bf6 Rxb4 55. Bxe5 Re4 56. Bd6 d4 0-1

[Event "Tenerife-ch U16"]
[Site "Santa Cruz de Tenerife"]
[Date "2013.02.09"]
[Round "1"]
[White "Perez Barreto, Adrian"]
[Black "Rodriguez Lapetra, Javier"]
[Result "1-0"]
[WhiteElo "1974"]
[BlackElo "1411"]
[PlyCount "35"]
[EventDate "2013.02.09"]
[EventType "swiss"]
[EventRounds "9"]
[EventCountry "ESP"]
[SourceTitle "EXT 2015"]
[Source "ChessBase"]
[SourceDate "2014.11.20"]
[SourceVersion "1"]
[SourceVersionDate "2014.11.20"]
[SourceQuality "1"]

1. d4 d5 2. c4 c6 3. Nf3 e6 4. Nc3 Bb4 5. Qb3 Ba5 6. Bf4 Nf6 7. e3 Nbd7 8. Qa3 Bc7 9. Bxc7 Qxc7 10. Rc1 b6 11. cxd5 exd5 12. Nb5 Qb8 13. Nd6+ Kd8 14. Nxf7+ Ke8 15. Nd6+ Kd8 16. Ng5 Nf8 17. Rxc6 Be6 18. Bb5 1-0

[Event "ESP-ch 77th"]
[Site "San Agustin"]
[Date "2012.10.04"]
[Round "6"]
[White "Vega Gutierrez, Sabrina Neide"]
[Black "Perez Barreto, Adrian"]
[Result "1-0"]
[WhiteElo "2364"]
[BlackElo "1966"]
[PlyCount "55"]
[EventDate "2012.09.29"]
[EventType "swiss"]
[EventRounds "9"]
[EventCountry "ESP"]
[SourceTitle "EXT 2014"]
[Source "ChessBase"]
[SourceDate "2013.11.20"]
[SourceVersion "1"]
[SourceVersionDate "2013.11.20"]
[SourceQuality "1"]

1. e4 e6 2. Nf3 d5 3. Nc3 Nf6 4. e5 Nfd7 5. d4 c5 6. dxc5 Bxc5 7. Bd3 Nc6 8. Bf4 f6 9. exf6 Nxf6 10. Qe2 0-0 11. 0-0-0 a6 12. Ne5 Nd4 13. Qd2 Nb5 14. Na4 Bd6 15. Rhe1 Ng4 16. Bg5 Nf6 17. Ng4 Be7 18. Nxf6+ Bxf6 19. Bxf6 Rxf6 20. c4 Qc7 21. Qc2 dxc4 22. Bxh7+ Kh8 23. Re4 Nd6 24. Rh4 Rh6 25. Rxh6 gxh6 26. Qg6 Qxh7 27. Qxh7+ Kxh7 28. Nb6 1-0

[Event "ESP-ch U16"]
[Site "Salobrena"]
[Date "2012.07.20"]
[Round "7"]
[White "Perez Barreto, Adrian"]
[Black "Santos Ruiz, Miguel"]
[Result "1/2-1/2"]
[WhiteElo "1961"]
[BlackElo "2106"]
[PlyCount "58"]
[EventDate "2012.07.16"]
[EventType "swiss"]
[EventRounds "9"]
[EventCountry "ESP"]
[SourceTitle "EXT 2014"]
[Source "ChessBase"]
[SourceDate "2013.11.20"]
[SourceVersion "1"]
[SourceVersionDate "2013.11.20"]
[SourceQuality "1"]

1. d4 e6 2. c4 Bb4+ 3. Bd2 a5 4. g3 Nc6 5. Nf3 d6 6. Bg2 e5 7. d5 Bxd2+ 8. Nbxd2 Nb8 9. c5 Ne7 10. Nc4 0-0 11. cxd6 cxd6 12. a4 Na6 13. 0-0 Nb4 14. e4 Bg4 15. h3 Bxf3 16. Bxf3 Rc8 17. Be2 f5 18. f3 f4 19. g4 Ng6 20. Kh2 Qh4 21. Rg1 Qf2+ 22. Rg2 Qc5 23. Bf1 Nh4 24. Rd2 Rf6 25. Ra3 g5 26. Rc3 Na2 27. Ra3 Nb4 28. Rc3 Na2 29. Ra3 Nb4 1/2-1/2